|
|
|
|
| LEADER |
00000nas a2200000 a 4500 |
| 001 |
ssj0001454345 |
| 003 |
WaSeSS |
| 005 |
20200512172242.0 |
| 006 |
m d |
| 007 |
cr n |
| 008 |
090716c20109999nyuqr p s | a0eng |
| 010 |
|
|
|a 2009203343
|
| 022 |
|
|
|y 1949-484X
|
| 035 |
|
|
|a (WaSeSS)ssj0001454345
|
| 037 |
|
|
|b Nova Science Publishers, Inc., 400 Oser Ave., Ste. 1600, Hauppauge, NY 11788-3619
|c $55.00 (single issue)
|c $195.00 (1 yr.)
|
| 040 |
|
|
|a DLC
|b eng
|c DLC
|d DLC
|d OCoLC
|d WaSeSS
|
| 042 |
|
|
|a pcc
|a nsdp
|
| 050 |
0 |
0 |
|a HV689
|b .N66
|
| 082 |
1 |
0 |
|a 362
|2 14
|
| 222 |
|
0 |
|a Non-pharmacological therapies in dementia
|
| 245 |
0 |
0 |
|a Non-pharmacological therapies in dementia
|h [electronic resource].
|
| 260 |
|
|
|a Hauppauge, N.Y. :
|b Nova Science Pub.
|
| 310 |
|
|
|a Quarterly
|
| 362 |
1 |
|
|a Began with: Vol. 1, no. 1 (2010).
|
| 506 |
|
|
|a License restrictions may limit access.
|
| 588 |
|
|
|a Description based on: Vol. 1, no. 1 (2010); title from cover.
|
| 650 |
|
0 |
|a Dementia
|v Periodicals.
|
| 650 |
|
0 |
|a Psychiatric social work
|v Periodicals.
|
| 655 |
|
0 |
|a Electronic journals.
|
| 850 |
|
|
|a DLC
|
| 856 |
4 |
0 |
|z Full text available from Research Library: 01/01/2011 to 07/31/2012
|u https://search.proquest.com/publication/2034821
|